| 000 | 00879nam a22002777a 4500 | ||
|---|---|---|---|
| 003 | DO-SdBNP | ||
| 005 | 20240228131028.0 | ||
| 007 | ta | ||
| 008 | 210708e2017 dr ||||er|||| 001 j spa d | ||
| 020 | _a9789945608076 | ||
| 040 |
_aDO-SdBNP _bspa _cBNPHU |
||
| 041 | _hspade | ||
| 082 | 4 |
_aPR863.44 _bD288f _222 |
|
| 100 | 1 |
_aDebs Ramos , Nancy _979143 |
|
| 245 | 1 | 3 |
_aLa fragilidad de las cosas : _b(cuentos) / _cNancy Debs Ramos. |
| 260 |
_aSan Juan, Puerto Rico : _bIsla Negra, _c2017. |
||
| 300 |
_a105 p.; _c21 cm. |
||
| 490 | _aEl Rostro y la Máscara | ||
| 500 | _aIncluye biografía del autor en la solapa de la cubierta. | ||
| 590 | _aInventariado 2021/MF | ||
| 650 |
_aCuentos puertorriqueños _9249 |
||
| 650 |
_aLiteratura puertorriqueña _980367 |
||
| 830 |
_978651 _aEl rostro y la máscara |
||
| 910 | _aValidado. Control de calidad MFF | ||
| 942 |
_2ddc _cLBS1 |
||
| 999 |
_c50070 _d50070 |
||